Understanding basic pharmacology : (Record no. 355970)
[ view plain ]
| 000 -LEADER | |
|---|---|
| fixed length control field | 00386nam a2200109Ia 4500 |
| 008 - FIXED-LENGTH DATA ELEMENTS--GENERAL INFORMATION | |
| fixed length control field | 180219s9999 xx 000 0 und d |
| 020 ## - INTERNATIONAL STANDARD BOOK NUMBER | |
| International Standard Book Number | 9715131506 |
| 100 ## - MAIN ENTRY--PERSONAL NAME | |
| Personal name | MacDermott, Barbara L. |
| 245 ## - TITLE STATEMENT | |
| Statement of responsibility, etc | Deglin, Judith Hopfer |
| Title | Understanding basic pharmacology : |
| Remainder of title | practical approaches for effective application |
| 260 ## - PUBLICATION, DISTRIBUTION, ETC. (IMPRINT) | |
| Place of publication, distribution, etc | Malabon City : |
| Name of publisher, distributor, etc | GUIANI print house |
| Date of publication, distribution, etc | 1994 |
| 300 ## - PHYSICAL DESCRIPTION | |
| Extent | vii, 546 pages |
| Withdrawn status | Lost status | Damaged status | Home library | Current library | Shelving location | Date acquired | Source of acquisition | Total Checkouts | Full call number | Barcode | Date last seen | Price effective from | Koha item type |
|---|---|---|---|---|---|---|---|---|---|---|---|---|---|
| College Library | College Library | General Circulation Section | 02/19/2018 | RM 300 .M134 1994 | c21243 | 05/15/2018 | 02/19/2018 | Books |